000 00602nam a2200193Ia 4500
005 20250730130315.0
008 008 250516s9999 xx 000 0 hin d
020 _a9789389386240
040 _beng
_cSDCL
041 _ahin
_2hin
084 _aO15:g(Q1) R4
100 _aBhatt
245 0 _aRudradhyey Swamikarpratiya Arshdrishti
246 _aरुद्रध्येय स्वमिकर्प्रतिया अर्श्द्रिष्टि
260 _aNew Delhi:
_bEastern Book Linkers,
_c2024.
300 _axiv, 319p.
650 _aSanskrit
942 _cTEXL
_2CC
999 _c1430122
_d1430122